Catálogo
 En Linea

De literatura dominicana siglo veinte / (Registro nro. 10668)

Detalles MARC
000 -CABECERA
campo de control de longitud fija 02165nam a2200337 i 4500
001 - NÚMERO DE CONTROL
campo de control 000010930
003 - IDENTIFICADOR DEL NÚMERO DE CONTROL
campo de control DO-SdBNP
005 - FECHA Y HORA DE LA ÚLTIMA TRANSACCIÓN
campo de control 20251120073732.0
006 - CÓDIGOS DE INFORMACIÓN DE LONGITUD FIJA--CARACTERÍSTICAS DEL MATERIAL ADICIONAL
campo de control de longitud fija a||||gr|||| 00| 0
007 - CAMPO FIJO DE DESCRIPCIÓN FÍSICA--INFORMACIÓN GENERAL
campo de control de longitud fija ta
008 - DATOS DE LONGITUD FIJA--INFORMACIÓN GENERAL
campo de control de longitud fija 091013e1968 dr 001 0 spa d
040 ## - FUENTE DE LA CATALOGACIÓN
Centro catalogador/agencia de origen DO-SdBNP
Lengua de catalogación spa
Centro/agencia transcriptor DO-SdBNP
Normas de descripción rda
041 ## - CÓDIGO DE LENGUA
Código de lengua del texto/banda sonora o título independiente spa
082 04 - NÚMERO DE LA CLASIFICACIÓN DECIMAL DEWEY
Número de clasificación RD860.409
Número de documento/Ítem I37d
Número de edición 22
100 1# - ENTRADA PRINCIPAL--NOMBRE DE PERSONA
Nombre de persona Incháustegui Cabral, Héctor,
Fechas asociadas al nombre 1912-1979
Término indicativo de función/relación autor
Código de función/relación aut.
9 (RLIN) 21024
245 10 - MENCIÓN DE TÍTULO
Título De literatura dominicana siglo veinte /
Mención de responsabilidad, etc. Héctor Incháustegui Cabral.
264 #1 - PRODUCCIÓN, PUBLICACIÓN, DISTRIBUCIÓN, FABRICACIÓN Y COPYRIGHT
Producción, publicación, distribución, fabricación y copyright Santiago de los Caballeros, República Dominicana :
Nombre del de productor, editor, distribuidor, fabricante UCMM,
Fecha de producción, publicación, distribución, fabricación o copyright 1968.
300 ## - DESCRIPCIÓN FÍSICA
Extensión 413 páginas ;
Dimensiones 19 cm.
336 ## - TIPO DE CONTENIDO
Término de tipo de contenido texto
Código de tipo de contenido txt
Fuente rdacontent
337 ## - TIPO DE MEDIO
Nombre/término del tipo de medio sin mediación
Código del tipo de medio n
Fuente rdamedia
338 ## - TIPO DE SOPORTE
Nombre/término del tipo de soporte volumen
Fuente rdacarrier
Código del tipo de soporte nc
490 ## - MENCIÓN DE SERIE
Mención de serie Contemporáneos
500 ## - NOTA GENERAL
Nota general Incluye índice de nombres.
505 ## - NOTA DE CONTENIDO CON FORMATO
Título Prólogo --
-- Las ciegas esperanzas --
-- El tiempo, la muerte y la poesía --
-- La puerta abierta -- Los árboles y el bosque --
-- La esfinge de sal --
-- El pez rojo --
-- La mancha en el lavado --
-- La araña sobre la tela rota --
-- Cartas a Sergio --
-- Ensayos sobre temas diversos --
-- La angustia de la patria en Deligne --
-- La ciudad como novela --
-- Vida y novela --
-- Poesía y poetas --
-- Café derramado en la camisa --
-- Una carta a Joaquín --
-- La raya en el corazón --
-- Los analfabetismos fundamentales --
-- Rosa, Rosa, dame un gancho --
-- El dominicano en peligro de asfixia moral --
-- Los poetas más allá de las trincheras o la política y la poesía --
-- Novela e indagación social --
-- Los enemigos de la tierra, de Requena --
-- La Mañosa, de Bosch --
-- Over, de Marrero --
Información miscelánea Epílogos --
Título Con perdón, el sexo --
-- Las ediciones --
-- Crónica del Sur --
-- Entre dos antes y un después --
-- El otro lado del cañamazo --
-- Guía de escritores dominicanos mencionados --
-- Índice de nombres.
590 ## - NOTA LOCAL (RLIN)
Nota local Inventariado, 2024 / MF
650 #4 - PUNTO DE ACCESO ADICIONAL DE MATERIA--TÉRMINO DE MATERIA
Término de materia o nombre geográfico como elemento de entrada Literatura dominicana
Subdivisión general Historia y crítica
Subdivisión cronológica Siglo XX
9 (RLIN) 22986
Fuente del encabezamiento o término Lemb
650 #4 - PUNTO DE ACCESO ADICIONAL DE MATERIA--TÉRMINO DE MATERIA
Término de materia o nombre geográfico como elemento de entrada Autores dominicanos
Subdivisión general Historia y crítica
Subdivisión cronológica Siglo XX
9 (RLIN) 23591
Fuente del encabezamiento o término Lemb
710 2# - PUNTO DE ACCESO ADICIONAL--NOMBRE DE ENTIDAD CORPORATIVA
Nombre de entidad corporativa o nombre de jurisdicción como elemento de entrada Pontificia Universidad Católica Madre y Maestra
9 (RLIN) 843
910 ## - DATOS DE OPCIÓN DEL USUARIO (OCLC)
Datos de opción del usuario Validado. Control de calidad BNPHU
942 ## - ELEMENTOS DE PUNTO DE ACCESO ADICIONAL (KOHA)
Fuente del sistema de clasificación o colocación Dewey Decimal Classification
Tipo de ítem Koha Libro
Existencias
Estado de retiro Estado de pérdida Fuente del sistema de clasificación o colocación Restricciones de uso No para préstamo Código de colección Localización permanente Ubicación/localización actual Ubicación en estantería Fecha de adquisición Fuente de adquisición Total de préstamos Signatura topográfica completa Código de barras Fecha visto por última vez Número de copia Precio válido a partir de Tipo de ítem Koha Nota pública
    Dewey Decimal Classification Préstamo en sala   Dominicana de Servicio Biblioteca Nacional Pedro Henríquez Ureña Biblioteca Nacional Pedro Henríquez Ureña Depósito 13.08.2019 Perteneció a la biblioteca personal de la familia Reyes Duluc.   BNPHU DS RD860.409 I37d 10930-40 25.06.2020 e.4 25.06.2020 Libro  
    Dewey Decimal Classification Préstamo en sala   Dominicana de Servicio Biblioteca Nacional Pedro Henríquez Ureña Biblioteca Nacional Pedro Henríquez Ureña Depósito 01.10.2012     BNPHU DS RD860.409 I37d 10930-30 25.06.2020 e. 3 25.06.2020 Libro  
    Dewey Decimal Classification Excluido de préstamo   Patrimonio Dominicano Biblioteca Nacional Pedro Henríquez Ureña Biblioteca Nacional Pedro Henríquez Ureña Depósito 13.10.2009 Donación   BNPHU PD RD860.409 I37d 10930-10 25.06.2020   25.06.2020 Libro Perteneció a la biblioteca personal de Germán Emilio Ornes
    Dewey Decimal Classification Excluido de préstamo   Patrimonio Dominicano Biblioteca Nacional Pedro Henríquez Ureña Biblioteca Nacional Pedro Henríquez Ureña Depósito 26.07.2011     BNPHU PD RD860.409 I37d 10930-20 25.06.2020 e. 2 25.06.2020 Libro  
    Dewey Decimal Classification Préstamo en sala   Dominicana de Servicio Biblioteca Nacional Pedro Henríquez Ureña Biblioteca Nacional Pedro Henríquez Ureña Depósito 06.02.2013 Donado por INTEC   BNPHU DS RD860.409 I37d 2024-0747 06.02.2024 e.5 06.02.2024 Libro  

Con tecnología Koha